CIM - Počítačom integrovaná výroba.

Metodológia ako základ implementácie systémov CIM. Charakteristika modelovanej reality pre CIM. Koncepčný model pracovnej skupiny CAM I pre metodológiu tvorby automatizovaných systémov riadenia v 9 krokoch a 7 aktivitách pre každý krok. Štrukturálny design pružných výrobných systémov prístupu modelu...

Ausführliche Beschreibung

Gespeichert in:
Bibliographische Detailangaben
1. Verfasser: Wessely, E.
Weitere Verfasser: Šeminský, J.
Format: Buchkapitel
Sprache:Slowakisch
Schlagworte:
Tags: Tag hinzufügen
Keine Tags, Fügen Sie das erste Tag hinzu!

MARC

LEADER 00000naa a2200000 4500
001 r010110
005 20220831090406.3
041 0 |a slo 
044 |a [CS] 
245 1 0 |a CIM - Počítačom integrovaná výroba.  |c E. Wessely, J. Šeminský 
520 |a Metodológia ako základ implementácie systémov CIM. Charakteristika modelovanej reality pre CIM. Koncepčný model pracovnej skupiny CAM I pre metodológiu tvorby automatizovaných systémov riadenia v 9 krokoch a 7 aktivitách pre každý krok. Štrukturálny design pružných výrobných systémov prístupu modelu GRAI. Úrovne modelovania v prístupe CIM-OSA vytvoreného v ES. 
610 2 0 |a CIM 
610 2 0 |a systémy riadenia automatizované 
610 2 0 |a modely 
610 2 0 |a modelovanie 
610 2 0 |a výroba 
610 2 0 |a využitie počítačov 
610 2 0 |a systémy výrobné pružné 
610 2 0 |a metodológia 
100 1 |a Wessely, E. 
700 1 |a Šeminský, J.